000
00296nam a22001337a 4500
008
260218b ||||| |||| 00| 0 eng d
020
_a
9951050654
041
_a
Shqip
080
_a
711.4
100
_a
20.1
101
_a
roman
245
_a
Zhvillimi Rural
_c
Ibrahim Ramadani
942
_2
lcc
_c
BK
999
_c
60810
_d
60810